Welcome to CU Library Online Public Access Catalogue (OPAC)

The Human Placenta/ (Record no. 4135)

MARC details
000 -LEADER
fixed length control field 00440nam a22001457a 4500
005 - DATE AND TIME OF LATEST TRANSACTION
control field 20250222142029.0
008 - FIXED-LENGTH DATA ELEMENTS--GENERAL INFORMATION
fixed length control field 250222b |||||||| |||| 00| 0 eng d
020 ## - INTERNATIONAL STANDARD BOOK NUMBER
International Standard Book Number 0871893878
050 ## - LIBRARY OF CONGRESS CALL NUMBER
Classification number RG591
Item number .H85
245 ## - TITLE STATEMENT
Title The Human Placenta/
Remainder of title clinical perspectives
Statement of responsibility, etc. edited by J. Patrick Lavery
260 ## - PUBLICATION, DISTRIBUTION, ETC.
Place of publication, distribution, etc. Rockville, Maryland
Name of publisher, distributor, etc. Aspen Publications
Date of publication, distribution, etc. 1987
300 ## - PHYSICAL DESCRIPTION
Extent xv. 288p.
Other physical details ill.
Dimensions 26cm
700 ## - ADDED ENTRY--PERSONAL NAME
Personal name Lavery, J. Patrick
942 ## - ADDED ENTRY ELEMENTS (KOHA)
Source of classification or shelving scheme Library of Congress Classification
Koha item type Books
Suppress in OPAC No
999 ## -
-- 4135
-- 4135
Holdings
Withdrawn status Lost status Source of classification or shelving scheme Damaged status Not for loan Collection Home library Current library Shelving location Date acquired Total checkouts Full call number Barcode Date last seen Copy number Price effective from Koha item type
    Library of Congress Classification     Non-fiction Science Library (Miotso) Science Library (Miotso) General stacks 02/22/2025   RG591 .H85 HUM SLM00003661 02/22/2025 1 02/22/2025 Books
    Library of Congress Classification     Non-fiction Science Library (Miotso) Science Library (Miotso) General stacks 02/22/2025   RG591 .H85 HUM SLM00003662 02/22/2025 2 02/22/2025 Books
    Library of Congress Classification     Non-fiction Science Library (Miotso) Science Library (Miotso) General stacks 02/22/2025   RG591 .H85 HUM SLM00003663 02/22/2025 3 02/22/2025 Books
    Library of Congress Classification     Non-fiction Science Library (Miotso) Science Library (Miotso) General stacks 02/22/2025   RG591 .H85 HUM SLM00003664 02/22/2025 4 02/22/2025 Books
© 2023-2024 Copyright: Central University Libraries. All Rights Reserved | Created by: Mahone Tech Office